000 00464pab a2200181 454500
008 180718b2000 xxu||||| |||| 00| 0 eng d
100 _aSharmugam, K.R.
245 _aLabour use efficiency of banking sector in India
260 _c2000
300 _ap.989-99
362 _aOct-Dec
650 _aLabour - India
650 _aBanks - India
650 _aBanks
700 _aLakshmanasamy, T.
773 _aIndian Journal of Labour Economics
909 _a47302
999 _c47302
_d47302